01244pab a2200181 454500008004000000100002000040245006200060260000900122300001300131362001100144520070800155650001300863650001600876773003400892909001100926999001900937952010600956180718b2017 xxu||||| |||| 00| 0 eng d aBernard DメMel aReimagining 'New Democracy,': rethinking radical politics c2017 asmp.34-4 a18 Mar a2.Capitalism, especially Indian capitalism with its monstrous inequalities, has proved to be totally incompatible with democracy when the latter is understood in terms of its basic principles and aspirations-liberty, equality, and comradeship (fraternity is not the appropriate word now). But in transforming Indian society to ensure a better future for the Indian people, radical politics must preserve the kernel of the liberal-political tradition in the process of transcending that heritage. While keeping in place its historic legacy, "New Democracy" needs to be reimagined as part of a longer, truly democratic, human needs-based "political transition period" on the road to socialism. - Reproduce aCapitali aloDemocracy aEconomic and Political Weekly a114182 c114176d114176 00104070aIIPAbIIPAd2018-07-19hVolume no: 52, Issue no: 11pAR114642r2018-07-19w2018-07-19yAR